Top 25 Batman Villains - Statistics

General Stats
  • This quiz has been taken 1,930 times
    1,908 since last reset
  • The average score is 17 of 25
Answer Stats
Hint Answer % Correct
1 Joker
100%
3 Bane
95%
7 Penguin
92%
9 Riddler
92%
4 Catwoman
91%
5 Two Face
89%
8 Mr Freeze
88%
12 Poison Ivy
88%
10 Harley Quinn
87%
6 Scarecrow
86%
2 Ras AL Ghul
84%
14 Killer Croc
77%
11 Clayface
73%
16 Deadshot
65%
13 Talia Al Ghul
61%
18 Mad Hatter
60%
17 Deathstroke
59%
19 Hush
57%
21 Red Hood
52%
15 Black Mask
51%
22 Hugo Strange
51%
24 Firefly
50%
20 Victor Zsasz
39%
25 Solomon Grundy
36%
23 Anarky
12%
No matching quizzes found
Score Distribution
Percent of People with Each Score
Percentile by Number Answered
Your Score History
You have not taken this quiz since the last reset